| 000 | 00709nam a2200253 a 4500 | ||
|---|---|---|---|
| 001 | 70349 | ||
| 003 | BD-RjUL | ||
| 005 | 20211209082005.0 | ||
| 008 | 170417s1961 enka 001 0 eng d | ||
| 035 | _a(BD-RjUL)70563 | ||
| 040 |
_aDLC _cOC _dBD-RjUL _beng |
||
| 041 | _aeng | ||
| 082 |
_a516 _223 _bADA 1961 |
||
| 100 |
_aAdams, L.J. _9208307 |
||
| 245 | 0 | 0 |
_aAnalytic geometry and calculus / _cL.J.Adams & pAUL a. White |
| 260 |
_aNew York : _bOxford University Press, _cc 1961. |
||
| 300 |
_ax, 632 p. : _bill. ; _c24 cm. |
||
| 500 | _aIncludes Index. | ||
| 650 | 0 |
_aGeometry, Analytic. _9208309 |
|
| 650 | 0 |
_aCalculus. _9208310 |
|
| 942 |
_2ddc _cBK |
||
| 999 |
_c70349 _d70349 |
||